01060cam a22002651 4500001001300000003000400013005001700017008004100034010001700075035002000092040001800112043001200130050001800142100005300160245014700213260004800360300006600408490005500474500006200529504003000591650002100621650003900642830006300681830005000744f 30000021 DLC20260227111249.0960223s1930 dcuabf b f000 0 eng  af 30000021  a(OCoLC)34251365 aDLCcAkUdDLC an-us-ak00aQL638.C64bR61 aRounsefell, George A.q(George Armytage),d1905-10aContribution to the biology of the Pacific herring, Clupea pallasii,band the condition of the fishery in Alaska.cBy George A. Rounsefell ... aWashington,bU.S. Govt. Print. Off.,c1930. a1 p.l., p. 227-320 incl. maps, diagrs.b9 pl. on 6 l.c28 cm.1 a[United States] Bureau of Fisheries. Doc. no. 1080 aFrom Bulletin of the Bureau of Fisheries, vol. XLV, 1929. aBibliography: p. 317-320. 0aPacific herring. 0aPacific herring fisherieszAlaska. 0aDocument (United States. Bureau of Fisheries) ;vno. 1080. 0aBulletin of the Bureau of Fisheries ;vv. 45.